[Event "Maia op 7th"]
[Site "Maia"]
[Date "2023.08.31"]
[Round "7"]
[White "Patino Romaris, Juan Roberto"]
[Black "Gallana, Marco"]
[Result "0-1"]
[WhiteElo "2082"]
[BlackElo "2289"]
[PlyCount "114"]
[EventDate "2023.08.25"]
[EventType "swiss"]
[EventRounds "9"]
[EventCountry "POR"]
[SourceTitle "EXT 2024"]
[Source "ChessBase"]
[SourceDate "2023.10.10"]
[SourceVersion "1"]
[SourceVersionDate "2023.10.10"]
[SourceQuality "1"]

1. d4 Nf6 2. c4 g6 3. Nc3 d5 4. cxd5 Nxd5 5. Bd2 Bg7 6. e4 Nxc3 7. Bxc3 0-0 8. Nf3 Nd7 9. Be2 e6 10. Qc2 b6 11. Rd1 Qe7 12. 0-0 c5 13. d5 Bxc3 14. bxc3 exd5 15. exd5 Nf6 16. Rfe1 Qd6 17. c4 Bf5 18. Qc1 Rfe8 19. h3 Re7 20. Bd3 Rxe1+ 21. Nxe1 Bd7 22. Nf3 Re8 23. Re1 Kg7 24. Rxe8 Nxe8 25. Qa3 Qf4 26. Be2 a5 27. Qb2+ Qf6 28. Qb3 a4 29. Qa3 Nd6 30. Bf1 Qa1 31. Qe3 Qf6 32. Ne5 Bf5 33. f4 Bb1 34. a3 Nf5 35. Qc1 Be4 36. Qe1 Bc2 37. Qc1 Nd4 38. Qe3 Qe7 39. Qc3 f6 40. Ng4 Bf5 41. Nf2 Kf7 42. Qb2 Nb3 43. Qc3 h5 44. g4 hxg4 45. hxg4 Bd7 46. Kg2 Nd4 47. Qb2 Qe3 48. Qxb6 Qf3+ 49. Kg1 Qg3+ 50. Bg2 Ne2+ 51. Kf1 Nxf4 52. Be4 Qxa3 53. Qb1 Qe3 54. Qe1 Qd4 55. Qc1 g5 56. Bf5 Bxf5 57. gxf5 Qxf2+ 0-1

[Event "Oviedo op 9th"]
[Site "Oviedo"]
[Date "2023.07.25"]
[Round "2"]
[White "Patino Romaris, Juan Roberto"]
[Black "Leenhouts, Koen"]
[Result "0-1"]
[WhiteElo "2082"]
[BlackElo "2446"]
[PlyCount "92"]
[EventDate "2023.07.24"]
[EventType "swiss"]
[EventRounds "9"]
[EventCountry "ESP"]
[SourceTitle "CBM 215 Extra"]
[Source "ChessBase"]
[SourceDate "2023.09.30"]
[SourceVersion "1"]
[SourceVersionDate "2023.09.30"]
[SourceQuality "1"]

1. d4 Nf6 2. c4 g6 3. Nf3 Bg7 4. e3 0-0 5. Be2 b6 6. Nc3 Bb7 7. d5 c5 8. e4 d6 9. 0-0 a6 10. Re1 b5 11. cxb5 axb5 12. Bxb5 Ba6 13. Bd2 Nbd7 14. a4 Ne8 15. Qc1 Nc7 16. Bh6 Bxb5 17. Bxg7 Kxg7 18. Nxb5 Nxb5 19. axb5 Qb6 20. Qc3+ Nf6 21. Rxa8 Rxa8 22. Qc4 Ra5 23. e5 dxe5 24. Rxe5 Qxb5 25. Qxb5 Rxb5 26. Rxe7 Rxb2 27. h3 Nxd5 28. Rd7 Nf6 29. Rc7 Ne4 30. Re7 Rb1+ 31. Kh2 Nxf2 32. Ng5 Kf6 33. Rxf7+ Kxg5 34. Rxf2 Rb7 35. Kg3 Rb3+ 36. Kh2 Rb7 37. Kg3 c4 38. h4+ Kh6 39. Rc2 Rc7 40. Rc3 Rc5 41. Kf4 Rc8 42. g4 g5+ 43. hxg5+ Kg6 44. Kf3 Kxg5 45. Kg3 Rc7 46. Kf3 Rf7+ 0-1

[Event "Pontevedra op-A 10th"]
[Site "Pontevedra"]
[Date "2022.07.27"]
[Round "6"]
[White "Victor, Julian"]
[Black "Patino Romaris, Juan Roberto"]
[Result "1/2-1/2"]
[WhiteElo "1944"]
[BlackElo "2093"]
[PlyCount "75"]
[EventDate "2022.07.24"]
[EventType "swiss"]
[EventRounds "9"]
[EventCountry "ESP"]
[SourceTitle "EXT 2023"]
[Source "ChessBase"]
[SourceDate "2022.10.05"]
[SourceVersion "1"]
[SourceVersionDate "2022.10.05"]
[SourceQuality "1"]

1. d4 Nf6 2. c4 e6 3. g3 d5 4. Nf3 Bb4+ 5. Bd2 Be7 6. Bg2 0-0 7. 0-0 c6 8. Qc2 Nbd7 9. Rd1 Ne4 10. Nc3 f5 11. Rab1 Ndf6 12. Bf4 Bd7 13. b4 Nxc3 14. Qxc3 Ne4 15. Qb3 a6 16. a4 Be8 17. Ne5 Bf6 18. f3 Nd6 19. c5 Bxe5 20. Bxe5 Nc4 21. f4 Bh5 22. Bf3 Bxf3 23. Qxf3 Qd7 24. Qb3 Ra7 25. b5 axb5 26. axb5 Rfa8 27. bxc6 bxc6 28. Rd3 Ra2 29. Kf2 Qe8 30. Qb8 Rxb8 31. Rxb8 Qxb8 32. Bxb8 Rd2 33. Rxd2 Nxd2 34. Bc7 Kf7 35. Ba5 Ne4+ 36. Ke3 Ke7 37. Be1 Kd7 38. Kd3 1/2-1/2

[Event "Guimaraes op 3rd"]
[Site "Guimaraes"]
[Date "2019.08.29"]
[Round "2"]
[White "Diaz Gomez, Mateo"]
[Black "Patino Romaris, Juan Roberto"]
[Result "0-1"]
[WhiteElo "1851"]
[BlackElo "2141"]
[PlyCount "132"]
[EventDate "2019.08.28"]
[EventType "swiss"]
[EventRounds "7"]
[EventCountry "POR"]
[SourceTitle "EXT 2020"]
[Source "ChessBase"]
[SourceDate "2019.10.17"]
[SourceVersion "1"]
[SourceVersionDate "2019.10.17"]
[SourceQuality "1"]

1. e4 e6 2. d4 d5 3. e5 c5 4. dxc5 Nc6 5. Nf3 f6 6. exf6 Nxf6 7. Bf4 Bxc5 8. Bd3 Qb6 9. 0-0 Qxb2 10. Nbd2 0-0 11. Nb3 Qa3 12. Bc1 Qb4 13. a4 Be7 14. Ba3 Qf4 15. Bxe7 Nxe7 16. Qe2 Nc6 17. Rfe1 Qd6 18. Nbd4 Re8 19. Nb5 Qb8 20. Ne5 a6 21. Nc3 Nxe5 22. Qxe5 Qxe5 23. Rxe5 Bd7 24. Rb1 Rac8 25. Ne2 Rc7 26. Nd4 Ng4 27. Rg5 e5 28. Nf5 Bxf5 29. Bxf5 Nh6 30. Bd3 Nf7 31. Rh5 g6 32. Rh3 e4 33. Bf1 Ne5 34. Rhb3 Ree7 35. R1b2 Kf7 36. Be2 Ke8 37. Rb4 Kd8 38. Rb6 Kc8 39. Rd6 Rc5 40. h4 Ra5 41. Rb3 Rc5 42. Rb2 Nc6 43. h5 Kc7 44. Rf6 Nd4 45. Bd1 Rc6 46. Rxc6+ Kxc6 47. Rb4 Kc5 48. c3 Nc6 49. Rb1 Kc4 50. hxg6 hxg6 51. Bb3+ Kc5 52. Rd1 Rd7 53. Kf1 Na5 54. Ba2 Nc4 55. Rd4 b5 56. axb5 axb5 57. Ke2 Ra7 58. Bxc4 bxc4 59. Rd2 Ra3 60. Rc2 d4 61. cxd4+ Kxd4 62. Kd2 c3+ 63. Ke2 Ra1 64. f4 exf3+ 65. Kxf3 Kd3 66. Re2 Rf1+ 0-1

[Event "Pontevedra op 7th"]
[Site "Pontevedra"]
[Date "2019.08.10"]
[Round "4"]
[White "Patino Romaris, Juan Roberto"]
[Black "Pazos Porta, Antonio"]
[Result "0-1"]
[WhiteElo "2141"]
[BlackElo "2333"]
[PlyCount "72"]
[EventDate "2019.08.08"]
[EventType "swiss"]
[EventRounds "9"]
[EventCountry "ESP"]
[SourceTitle "EXT 2020"]
[Source "ChessBase"]
[SourceDate "2019.10.17"]
[SourceVersion "1"]
[SourceVersionDate "2019.10.17"]
[SourceQuality "1"]

1. d4 Nf6 2. c4 d6 3. Nc3 e5 4. Nf3 e4 5. Nd2 Bf5 6. e3 c6 7. Be2 h6 8. 0-0 Be7 9. Qc2 d5 10. cxd5 cxd5 11. Qb3 Nc6 12. f3 exf3 13. Bxf3 Na5 14. Qb5+ Bd7 15. Qd3 Be6 16. Qb5+ Nc6 17. Qxb7 Rc8 18. Qb3 0-0 19. Qd1 Na5 20. Be2 Bb4 21. Nf3 Bxc3 22. bxc3 Ne4 23. Bd2 Nc4 24. Bxc4 Rxc4 25. Ne5 Rc7 26. Be1 Qg5 27. Qf3 Nxc3 28. Bg3 Ne4 29. Bf4 Qe7 30. Rac1 Rxc1 31. Rxc1 Qa3 32. Rc2 Rb8 33. h3 Rb2 34. Qe2 Rxc2 35. Qxc2 g5 36. Bh2 Qxe3+ 0-1

[Event "ESP-chT CECLUB Div2"]
[Site "Linares"]
[Date "2018.08.18"]
[Round "7.7"]
[White "Lopez Solar, Fernando"]
[Black "Patino Romaris, Juan Roberto"]
[Result "1/2-1/2"]
[WhiteElo "1988"]
[BlackElo "2049"]
[PlyCount "47"]
[EventDate "2018.08.14"]
[EventType "team-swiss"]
[EventRounds "7"]
[EventCountry "ESP"]
[SourceTitle "CBM 186 Extra"]
[Source "ChessBase"]
[SourceDate "2018.08.24"]
[SourceVersion "1"]
[SourceVersionDate "2018.08.24"]
[SourceQuality "1"]
[WhiteTeam "Santander Real Club de Regatas"]
[BlackTeam "USC"]
[WhiteTeamCountry "ESP"]
[BlackTeamCountry "ESP"]

1. Nf3 e6 2. d4 Nf6 3. c4 b6 4. Nc3 Bb7 5. Bg5 Bb4 6. Rc1 h6 7. Bxf6 Qxf6 8. a3 Bxc3+ 9. Rxc3 0-0 10. g4 Nc6 11. g5 hxg5 12. Rg1 Rfe8 13. e4 e5 14. d5 Nd4 15. Nxg5 Qg6 16. Rcg3 Qh6 17. Nxf7 Kxf7 18. Rxg7+ Qxg7 19. Qh5+ Kf8 20. Rxg7 Kxg7 21. Qg5+ Kf7 22. Qh5+ Kg7 23. Qg5+ Kf7 24. Qh5+ 1/2-1/2

[Event "Sanxenxo Carlos op 9th"]
[Site "Sanxenxo"]
[Date "2017.06.22"]
[Round "6"]
[White "Patino Romaris, Juan Roberto"]
[Black "Trigo Urquijo, Sergio"]
[Result "0-1"]
[WhiteElo "2097"]
[BlackElo "2403"]
[PlyCount "90"]
[EventDate "2017.06.17"]
[EventType "swiss"]
[EventRounds "9"]
[EventCountry "ESP"]
[SourceTitle "CBM 179 Extra"]
[Source "ChessBase"]
[SourceDate "2017.08.23"]
[SourceVersion "1"]
[SourceVersionDate "2017.08.23"]
[SourceQuality "1"]

1. d4 d6 2. e4 Nf6 3. Nc3 e5 4. dxe5 dxe5 5. Qxd8+ Kxd8 6. Nf3 Bd6 7. Be3 Ke7 8. 0-0-0 Ng4 9. Nd5+ Ke8 10. Nd2 Nxe3 11. fxe3 Bg4 12. Re1 c6 13. Nc4 Kd7 14. Nxd6 Kxd6 15. Nc3 Be6 16. Ne2 Nd7 17. Ng3 g6 18. Ne2 b5 19. a3 a5 20. Nc3 Nc5 21. Bd3 Ke7 22. h3 Rhd8 23. Rd1 Rd7 24. Rd2 b4 25. Nb1 Ba2 26. Rhd1 Rad8 27. Be2 Bxb1 28. Rxd7+ Rxd7 29. Rxd7+ Kxd7 30. axb4 axb4 31. Kxb1 Nxe4 32. Kc1 Kd6 33. Bc4 f5 34. Kd1 Nf6 35. Ke1 e4 36. Kf2 Ke5 37. g3 g5 38. Ba6 c5 39. Bc4 Nd7 40. Bg8 h6 41. Bf7 Nb6 42. b3 Nd5 43. Bg8 Nc3 44. Bc4 Nb1 45. Ba6 Na3 0-1

[Event "Pontevedra Toxa op"]
[Site "Pontevedra"]
[Date "2016.10.01"]
[Round "8"]
[White "Patino Romaris, Juan Roberto"]
[Black "Martinez Duany, Lelys Stanley"]
[Result "0-1"]
[WhiteElo "2143"]
[BlackElo "2526"]
[PlyCount "68"]
[EventDate "2016.09.24"]
[EventType "swiss"]
[EventRounds "9"]
[EventCountry "ESP"]
[SourceTitle "CBM 174 Extra"]
[Source "ChessBase"]
[SourceDate "2016.10.10"]
[SourceVersion "1"]
[SourceVersionDate "2016.10.10"]
[SourceQuality "1"]

1. e4 c5 2. Nc3 e6 3. f4 d5 4. Nf3 d4 5. Ne2 Nf6 6. d3 Nc6 7. g3 c4 8. h3 Bb4+ 9. Kf2 Bc5 10. Kg2 b5 11. a4 b4 12. b3 cxb3 13. cxb3 Ba6 14. Bb2 Qb6 15. Rc1 Nd7 16. Kh2 f6 17. h4 e5 18. Bh3 Bd6 19. fxe5 Ndxe5 20. Nxe5 Nxe5 21. Nf4 0-0 22. Be6+ Kh8 23. Qh5 Rae8 24. Bf5 g6 25. Bxg6 Re7 26. Nd5 Qd8 27. Bf5 Rg7 28. Nf4 Nxd3 29. Nxd3 Bxd3 30. Rhg1 Be5 31. Rc8 Qxc8 32. Bxc8 Rxc8 33. Bc1 Rc2+ 34. Kh3 Bf1+ 0-1

[Event "ESP-chT CECLUB Div2"]
[Site "Linares"]
[Date "2016.08.17"]
[Round "2"]
[White "Alonso Alvarez, Aitor"]
[Black "Patino Romaris, Juan Roberto"]
[Result "1/2-1/2"]
[WhiteElo "2242"]
[BlackElo "2157"]
[PlyCount "115"]
[EventDate "2016.08.16"]
[EventType "team"]
[EventRounds "6"]
[EventCountry "ESP"]
[SourceTitle "CBM 174 Extra"]
[Source "ChessBase"]
[SourceDate "2016.10.10"]
[SourceVersion "1"]
[SourceVersionDate "2016.10.10"]
[SourceQuality "1"]
[WhiteTeam "Real Oviedo"]
[BlackTeam "USC"]
[WhiteTeamCountry "ESP"]
[BlackTeamCountry "ESP"]

1. d4 Nf6 2. c4 c5 3. d5 e6 4. Nc3 exd5 5. cxd5 d6 6. e4 g6 7. Nf3 Bg7 8. Be2 0-0 9. 0-0 Bg4 10. Bf4 a6 11. a4 Re8 12. h3 Nxe4 13. hxg4 Bxc3 14. Qb3 Bb4 15. g5 Nd7 16. Bd3 f5 17. Bxe4 Rxe4 18. Bxd6 Nb6 19. Be5 Qxd5 20. Qxd5+ Nxd5 21. Rfd1 Rd8 22. b3 Rd7 23. Rd3 Kf7 24. Rad1 Ke6 25. Bh8 Nb6 26. g3 Rxd3 27. Rxd3 Nd7 28. Kf1 Ke7 29. Rd1 Re6 30. Rc1 b5 31. axb5 axb5 32. Kg2 Re2 33. Rh1 Nf8 34. Bf6+ Ke6 35. Ra1 Nd7 36. Bh8 Rc2 37. Ra6+ Kd5 38. Ra7 Kc6 39. Ra6+ Kc7 40. Ra7+ Kc6 41. Ra6+ Kb7 42. Re6 c4 43. bxc4 bxc4 44. Re8 c3 45. Rd8 Kc7 46. Nd4 Rd2 47. Ne6+ Kc6 48. Nd4+ Kd6 49. Rc8 Nc5 50. Nb5+ Kd7 51. Rc7+ Kd8 52. Bf6+ Ke8 53. Rxh7 c2 54. Nc7+ Kf8 55. Rh8+ Kf7 56. Rh7+ Kf8 57. Rh8+ Kf7 58. Rh7+ 1/2-1/2

[Event "Pontevedra op 4th"]
[Site "Pontevedra"]
[Date "2015.12.28"]
[Round "5"]
[White "Oratovsky, Michael"]
[Black "Patino Romaris, Juan Roberto"]
[Result "1-0"]
[WhiteElo "2501"]
[BlackElo "2185"]
[PlyCount "55"]
[EventDate "2015.12.26"]
[EventType "swiss"]
[EventRounds "9"]
[EventCountry "ESP"]
[SourceTitle "CBM 170 Extra"]
[Source "ChessBase"]
[SourceDate "2016.02.25"]
[SourceVersion "1"]
[SourceVersionDate "2016.02.25"]
[SourceQuality "1"]

1. e4 e6 2. d4 d5 3. Nd2 Nf6 4. e5 Nfd7 5. c3 c5 6. Bd3 Nc6 7. Ngf3 f6 8. exf6 Qxf6 9. 0-0 Bd6 10. Re1 cxd4 11. cxd4 h6 12. Qe2 Nf8 13. Ne5 Nxd4 14. Qh5+ Ke7 15. Ndf3 Nxf3+ 16. Nxf3 g5 17. Bd2 Rg8 18. Bc3 Qf7 19. Qxh6 Bd7 20. Ne5 Bxe5 21. Rxe5 Bc6 22. Rxg5 d4 23. Bxd4 Nd7 24. Qh4 Nf6 25. Rg3 Rad8 26. Bc4 Rh8 27. Bxf6+ Qxf6 28. Rg7+ 1-0

[Event "Sanxenxo Carlos op 7th"]
[Site "Sanxenxo"]
[Date "2015.06.28"]
[Round "9"]
[White "Medarde Santiago, Luis Marcos"]
[Black "Patino Romaris, Juan Roberto"]
[Result "1-0"]
[WhiteElo "2273"]
[BlackElo "2185"]
[PlyCount "71"]
[EventDate "2015.06.20"]
[EventType "swiss"]
[EventRounds "9"]
[EventCountry "ESP"]
[SourceTitle "CBM 167 Extra"]
[Source "ChessBase"]
[SourceDate "2015.09.14"]
[SourceVersion "1"]
[SourceVersionDate "2015.09.14"]
[SourceQuality "1"]

1. e4 e6 2. d4 d5 3. Nc3 Bb4 4. e5 c5 5. Bd2 Nh6 6. Nf3 Nf5 7. dxc5 0-0 8. Na4 Nc6 9. Bd3 f6 10. Bxf5 exf5 11. Bxb4 Nxb4 12. 0-0 fxe5 13. Nxe5 f4 14. Nc3 Be6 15. Nb5 Nc6 16. Nxc6 bxc6 17. Nd4 Bd7 18. c4 f3 19. Nxf3 Bg4 20. cxd5 cxd5 21. Qd4 Bxf3 22. gxf3 Rf5 23. Kh1 Qd7 24. Rg1 g6 25. Rg3 Raf8 26. Rag1 Qe6 27. Qe3 Re5 28. Qd3 Rf6 29. Rg5 Rff5 30. Rxf5 Rxf5 31. Rg3 Rf4 32. Rg4 Rf5 33. Kg2 Kf7 34. Qe3 Re5 35. Qa3 Qd7 36. Rf4+ 1-0

[Event "Sanxenxo Carlos op 6th"]
[Site "Sanxenxo"]
[Date "2014.06.28"]
[Round "8"]
[White "Guerra Bastida, Diego"]
[Black "Patino Romaris, Juan Roberto"]
[Result "0-1"]
[WhiteElo "2378"]
[BlackElo "2198"]
[PlyCount "67"]
[EventDate "2014.06.21"]
[EventType "swiss"]
[EventRounds "9"]
[EventCountry "ESP"]
[SourceTitle "CBM 161 Extra"]
[Source "ChessBase"]
[SourceDate "2014.08.29"]
[SourceVersion "1"]
[SourceVersionDate "2014.08.29"]
[SourceQuality "1"]

1. e4 e6 2. d4 d5 3. Nc3 Bb4 4. e5 c5 5. Bd2 Ne7 6. a3 Bxc3 7. Bxc3 cxd4 8. Qxd4 Nbc6 9. Qg4 Nf5 10. Nf3 h5 11. Qf4 Qb6 12. Bd3 d4 13. Bd2 Nce7 14. 0-0 Bd7 15. h3 Bc6 16. Nh4 g5 17. Qxg5 Rg8 18. Qxh5 Nxh4 19. Bg5 Nhg6 20. f4 0-0-0 21. b4 Rde8 22. Rf2 Nd5 23. Qe2 Ndxf4 24. Bxf4 Nxf4 25. Rxf4 Rxg2+ 26. Qxg2 Bxg2 27. Kxg2 Qc7 28. Re1 f5 29. Rxd4 Qg7+ 30. Kf2 Rd8 31. Rc4+ Kb8 32. Ke2 Qxe5+ 33. Kd1 Qa1+ 34. Kd2 0-1

[Event "Sanxenxo Carlos op 5th"]
[Site "Sanxenxo"]
[Date "2013.06.28"]
[Round "7"]
[White "Patino Romaris, Juan Roberto"]
[Black "Leranoz Zabalza, Adrian"]
[Result "1-0"]
[WhiteElo "2212"]
[BlackElo "2076"]
[PlyCount "69"]
[EventDate "2013.06.22"]
[EventType "swiss"]
[EventRounds "9"]
[EventCountry "ESP"]
[SourceTitle "CBM 155 Extra"]
[Source "ChessBase"]
[SourceDate "2013.08.26"]
[SourceVersion "1"]
[SourceVersionDate "2013.08.26"]
[SourceQuality "1"]

1. d4 Nf6 2. c4 Nc6 3. Nf3 e6 4. Nc3 Bb4 5. Qc2 0-0 6. Bg5 h6 7. Bd2 d6 8. a3 Bxc3 9. Bxc3 Qe7 10. e3 e5 11. d5 Nb8 12. Be2 a5 13. 0-0 a4 14. Nd2 Nbd7 15. e4 Nc5 16. Rae1 g5 17. Kh1 Kg7 18. g3 Ng8 19. f4 f6 20. f5 Bd7 21. h4 Rfb8 22. Kg2 Qe8 23. Rh1 b5 24. Qd1 bxc4 25. Bxc4 Bb5 26. Bxb5 Rxb5 27. Qf3 Rab8 28. Nc4 Nb3 29. hxg5 fxg5 30. f6+ Kf8 31. Qd1 Qg6 32. Rhf1 Rc5 33. Qd3 c6 34. dxc6 d5 35. Nxe5 1-0

[Event "Sanxenxo Carlos op 5th"]
[Site "Sanxenxo"]
[Date "2013.06.27"]
[Round "6"]
[White "Santos Latasa, Jaime"]
[Black "Patino Romaris, Juan Roberto"]
[Result "1-0"]
[WhiteElo "2418"]
[BlackElo "2212"]
[PlyCount "113"]
[EventDate "2013.06.22"]
[EventType "swiss"]
[EventRounds "9"]
[EventCountry "ESP"]
[SourceTitle "CBM 155 Extra"]
[Source "ChessBase"]
[SourceDate "2013.08.26"]
[SourceVersion "1"]
[SourceVersionDate "2013.08.26"]
[SourceQuality "1"]

1. e4 e6 2. d4 d5 3. Nc3 Bb4 4. e5 c5 5. a3 Bxc3+ 6. bxc3 Qa5 7. Bd2 Qa4 8. Qb1 c4 9. Nh3 Nc6 10. Be2 Bd7 11. Nf4 0-0-0 12. 0-0 f6 13. exf6 Nxf6 14. Nh5 Ne4 15. Qc1 e5 16. dxe5 Nxe5 17. f3 Nc5 18. Be3 b6 19. Ng3 Nc6 20. Qd2 Be6 21. Bxc5 bxc5 22. Qe3 Rd6 23. Qxc5 Rhd8 24. Rab1 Qa5 25. Qxa5 Nxa5 26. Rb5 Ra6 27. Nh5 Rd7 28. Nf4 Bf7 29. Rd1 Nc6 30. Nxd5 Bxd5 31. Rbxd5 Rxd5 32. Rxd5 Rxa3 33. Rc5 Kc7 34. Rxc4 Kd6 35. Bd3 h6 36. Be4 Ne7 37. Kf2 a5 38. h4 a4 39. Ke2 Ra1 40. Rd4+ Ke6 41. Rd1 Ra3 42. Rb1 Nd5 43. Bxd5+ Kxd5 44. Kd3 Kc6 45. h5 Ra2 46. g4 a3 47. c4 Rb2 48. Ra1 a2 49. Kc3 Rb1 50. Rxa2 Rf1 51. Ra6+ Kb7 52. Rg6 Rxf3+ 53. Kd4 Rf7 54. c5 Kc7 55. c6 Re7 56. Kd5 Rf7 57. Rd6 1-0

[Event "Sanxenxo Carlos op 4th"]
[Site "Sanxenxo"]
[Date "2012.07.01"]
[Round "9"]
[White "Recuero Guerra, David"]
[Black "Patino Romaris, Juan Roberto"]
[Result "1/2-1/2"]
[WhiteElo "2467"]
[BlackElo "2185"]
[PlyCount "78"]
[EventDate "2012.06.23"]
[EventType "swiss"]
[EventRounds "9"]
[EventCountry "ESP"]
[SourceTitle "CBM 149 Extra"]
[Source "ChessBase"]
[SourceDate "2012.08.24"]
[SourceVersion "1"]
[SourceVersionDate "2012.08.24"]
[SourceQuality "1"]

1. c4 e5 2. g3 d6 3. Bg2 g6 4. Nc3 Bg7 5. d3 Nc6 6. Nf3 f5 7. 0-0 Nf6 8. Rb1 0-0 9. Bg5 h6 10. Bxf6 Qxf6 11. Nd5 Qd8 12. b4 Kh7 13. Nd2 Nd4 14. b5 a6 15. a4 axb5 16. axb5 Bd7 17. Nb4 Ra7 18. Nb3 Ne6 19. Ra1 Qa8 20. Qd2 e4 21. Rxa7 Qxa7 22. dxe4 fxe4 23. Nd5 c6 24. Qe3 Qxe3 25. Nxe3 cxb5 26. Bxe4 bxc4 27. Nxc4 Bb5 28. Nxd6 Bxe2 29. Re1 Bg4 30. Bxb7 Ng5 31. Bg2 Nf3+ 32. Bxf3 Bxf3 33. Nc4 g5 34. Ne3 Rb8 35. Nd2 Kg6 36. g4 h5 37. gxh5+ Kxh5 38. Ndf1 Kg6 39. Ng3 Rb2 1/2-1/2

[Event "Sanxenxo Carlos op 4th"]
[Site "Sanxenxo"]
[Date "2012.06.27"]
[Round "5"]
[White "Khamrakulov, Ibragim S"]
[Black "Patino Romaris, Juan Roberto"]
[Result "1-0"]
[WhiteElo "2517"]
[BlackElo "2185"]
[PlyCount "110"]
[EventDate "2012.06.23"]
[EventType "swiss"]
[EventRounds "9"]
[EventCountry "ESP"]
[SourceTitle "CBM 149 Extra"]
[Source "ChessBase"]
[SourceDate "2012.08.24"]
[SourceVersion "1"]
[SourceVersionDate "2012.08.24"]
[SourceQuality "1"]

1. e4 e6 2. d4 d5 3. Nd2 Be7 4. Ngf3 Nf6 5. exd5 exd5 6. Bd3 0-0 7. 0-0 Bg4 8. Re1 c5 9. dxc5 Bxc5 10. Nb3 Bb6 11. a4 Nc6 12. Bg5 a6 13. c3 Qd6 14. Bh4 Rfe8 15. Bg3 Qd7 16. Qc2 Bxf3 17. gxf3 g6 18. Qd2 Qh3 19. Qg5 Kg7 20. Bf1 Qh5 21. Qf4 Qh6 22. Qxh6+ Kxh6 23. a5 Ba7 24. Bh3 Kg7 25. Kf1 Rad8 26. Bc7 Ra8 27. Rad1 Rxe1+ 28. Rxe1 Bb8 29. Bg3 Bxg3 30. fxg3 Kf8 31. Ra1 Ne5 32. Nd4 Ke7 33. f4 Nc4 34. Ra4 Kd8 35. Nf3 Kc7 36. b3 Nd6 37. Rd4 Nb5 38. Rd3 Re8 39. Ne5 Re7 40. Bg2 Ne4 41. c4 dxc4 42. Nxc4 Nbd6 43. Nb6 Re8 44. Rd1 f5 45. Rc1+ Kd8 46. Rc2 Re6 47. Bf3 Re8 48. Kg2 Re7 49. Nd5 Rd7 50. h3 Rf7 51. g4 h6 52. Rc1 Rd7 53. Ne3 fxg4 54. hxg4 Rc7 55. Rd1 Ke8 1-0

[Event "ESP-chT CECLUB Div2 Gp1"]
[Site "Padron"]
[Date "2011.08.10"]
[Round "1"]
[White "Patino Romaris, Juan Roberto"]
[Black "Glavina, Pablo"]
[Result "0-1"]
[WhiteElo "2218"]
[BlackElo "2469"]
[PlyCount "46"]
[EventDate "2011.08.10"]
[EventType "team-swiss"]
[EventRounds "6"]
[EventCountry "ESP"]
[SourceTitle "CBM 143 Extra"]
[Source "ChessBase"]
[SourceDate "2011.08.29"]
[SourceVersion "1"]
[SourceVersionDate "2011.08.29"]
[SourceQuality "1"]
[WhiteTeam "USC"]
[BlackTeam "Stadium Casablanca"]
[WhiteTeamCountry "ESP"]
[BlackTeamCountry "ESP"]

1. d4 Nf6 2. c4 e6 3. Nc3 Bb4 4. f3 0-0 5. e4 d5 6. e5 Nfd7 7. f4 c5 8. cxd5 exd5 9. Be3 Nc6 10. Nf3 cxd4 11. Bxd4 Nc5 12. Bxc5 Bxc5 13. Qxd5 Qb6 14. 0-0-0 Be3+ 15. Nd2 Bg4 16. Be2 Rfd8 17. Qb5 Qxb5 18. Bxb5 Bxd1 19. Rxd1 Rxd2 20. Rxd2 Rd8 21. Ne4 Bxf4 22. Kd1 Bxd2 23. Nxd2 Nxe5 0-1

[Event "ESP-chT2 Gr1"]
[Site "Padron"]
[Date "2009.08.07"]
[Round "4"]
[White "Rebole Arbea, Jose Ignacio"]
[Black "Patino Romaris, Juan Roberto"]
[Result "0-1"]
[WhiteElo "2237"]
[BlackElo "2246"]
[PlyCount "86"]
[EventDate "2009.08.05"]
[EventType "team-swiss"]
[EventRounds "6"]
[EventCountry "ESP"]
[SourceTitle "CBM 131 Extra"]
[Source "ChessBase"]
[SourceDate "2009.09.03"]
[SourceVersion "2"]
[SourceVersionDate "2009.09.16"]
[SourceQuality "1"]

1. g3 Nf6 2. Bg2 g6 3. Nf3 Bg7 4. d4 0-0 5. c4 d6 6. 0-0 Nbd7 7. Nc3 e5 8. e4 exd4 9. Nxd4 Re8 10. h3 a6 11. Be3 Rb8 12. Qd2 Ne5 13. Qe2 c5 14. Nf3 Nxf3+ 15. Qxf3 b5 16. Rad1 b4 17. Nd5 Nxe4 18. b3 Bb7 19. h4 Nc3 20. Rd2 Bxd5 21. cxd5 Qf6 22. Bf4 h6 23. Qd3 Nb5 24. Rfd1 Re7 25. Be3 Rbe8 26. Qc4 Qc3 27. Qf4 Kh7 28. Bf1 Qf6 29. Bd3 Qxf4 30. Bxf4 Be5 31. Bxe5 Rxe5 32. Kf1 Nc3 33. Ra1 Rxd5 34. Rc1 Kg7 35. Rcc2 a5 36. Bc4 Rxd2 37. Rxd2 d5 38. Bd3 Re7 39. Ba6 Ra7 40. Bd3 a4 41. Rb2 a3 42. Rd2 Rc7 43. Ba6 c4 0-1

[Event "Cambados op 24th"]
[Site "Cambados"]
[Date "2008.08.09"]
[Round "9"]
[White "Garcia Castro, Pablo"]
[Black "Patino Romaris, Juan Roberto"]
[Result "1-0"]
[WhiteElo "2390"]
[BlackElo "2272"]
[PlyCount "63"]
[EventDate "2008.08.01"]
[EventType "swiss"]
[EventRounds "9"]
[EventCountry "ESP"]
[SourceTitle "CBM 125 Extra"]
[Source "ChessBase"]
[SourceDate "2008.09.01"]
[SourceVersion "1"]
[SourceVersionDate "2008.09.01"]
[SourceQuality "1"]

1. g3 d5 2. Bg2 c5 3. d3 e5 4. c4 d4 5. e3 Nc6 6. exd4 cxd4 7. a3 a5 8. Ne2 Nf6 9. Bg5 Be7 10. 0-0 0-0 11. Nd2 a4 12. h3 Nd7 13. Bxe7 Qxe7 14. f4 Nc5 15. f5 Nxd3 16. Ne4 Nc5 17. f6 gxf6 18. Nxf6+ Kg7 19. Qd2 Ne6 20. Be4 Rh8 21. g4 h5 22. Ng3 Nf4 23. Ngxh5+ Kf8 24. Rxf4 exf4 25. Bxc6 bxc6 26. Re1 Be6 27. Qxf4 Rd8 28. Qg5 Qd6 29. Ne4 Qc7 30. Qf6 Rg8 31. Nc5 Bxg4 32. Qh6+ 1-0

[Event "Cambados op 24th"]
[Site "Cambados"]
[Date "2008.08.03"]
[Round "3"]
[White "Patino Romaris, Juan Roberto"]
[Black "Fernandez de Pablo, Miguel Angel"]
[Result "1-0"]
[WhiteElo "2272"]
[BlackElo "2232"]
[PlyCount "53"]
[EventDate "2008.08.01"]
[EventType "swiss"]
[EventRounds "9"]
[EventCountry "ESP"]
[SourceTitle "CBM 125 Extra"]
[Source "ChessBase"]
[SourceDate "2008.09.01"]
[SourceVersion "1"]
[SourceVersionDate "2008.09.01"]
[SourceQuality "1"]

1. d4 Nf6 2. c4 g6 3. Nc3 Bg7 4. e4 d6 5. Be2 0-0 6. Bg5 c5 7. d5 h6 8. Bf4 Nbd7 9. Qd2 Kh7 10. h4 a6 11. Nh3 Ne5 12. h5 gxh5 13. f3 Ng6 14. Be3 e6 15. dxe6 Bxe6 16. g4 hxg4 17. Ng5+ Kg8 18. Nxe6 fxe6 19. Bxh6 gxf3 20. Bxf3 Ne5 21. Be2 Nfg4 22. Bxg7 Kxg7 23. 0-0-0 Rf2 24. Rdg1 Qf6 25. Qxd6 Rd8 26. Qc7+ Rd7 27. Rxg4+ 1-0